000 00514nam a2200181Ia 4500
999 _c29955
_d29955
003 OSt
005 20201118122613.0
008 190216s9999||||xx |||||||||||||| ||und||
020 _a9788171801114
040 _coclc
082 _a894.8123
_bRAM/C
100 _aRamakrishnan, Malayatoor
_96469
245 0 _aChallikozhi /
_cMalayatoor Ramakrishnan
260 _bPoorna Pubs,
_c2004.
_aKozhikode:
300 _a88p
650 _aNovel
942 _cBK
_2ddc
_h894.8123
_iRAM/C
_k894.8123
_mRAM/C